Kandydaci na prezydenta 2025. - Statystyki

Ogólne statystyki
  • Ten quiz został rozwiązany 92 razy
  • Średni wynik to 12 z 13
Statystyki odpowiedzi
Odpowiedź % Poprawnych
Karol Nawrocki
100%
Rafał Trzaskowski
100%
Sławomir Mentzen
99%
Magdalena Biejat
97%
Grzegorz Braun
96%
Joanna Senyszyn
96%
Krzysztof Stanowski
91%
Szymon Hołownia
89%
Adrian Zandberg
88%
Maciej Maciak
87%
Marek Jakubiak
78%
Marek Woch
70%
Artur Bartoszewicz
59%
Nie znaleziono quizów pasujących do podanych kryteriów
Rozkład punktacji
Procent ludzi z każdym wynikiem
Percentyl według liczby udzielonych odpowiedzi
Twoja historia wyników
Nie rozwiązałeś tego quizu